Responses for Primetime Celebrity Jeopardy! game #20 - Wednesday, November 15, 2023

2023-2024 Primetime Celebrity Jeopardy! quarterfinal game 7.

Contestants

[<< previous game]

Becky Lynch, a WWE superstar and author originally from Dublin, Ireland

Rachel Dratch, an actor, writer, and podcast host originally from Lexington, Massachusetts

Macaulay Culkin, an actor originally from New York City

[next game >>]

Jeopardy! Round responses

THE SEARCH FOR FOREIGN LANDS
(Ken: Each response will be a country whose name is actually hidden in a word in the clue.)
FOR THE LOVE OF PETE
TV DRAMAS IN A NUTSHELL
ADVENTUROUS WOMEN
RAIN
CRINGEWORTHY OFFICE LINGO
    $100 8
Peru

Mack
    $100 6
Pete Davidson

Mack
    $100 1
Lost

Mack
    $100 20
the Bible

Mack
    $100 21
drizzle

Mack
    $100 27
put a pin in it

Mack
    $200 9
Kenya

Mack
    $200 7
Pete Rose

Rachel
    $200 2
(Becky: What is The Ozarks?)
(Ken: No.)
(Becky: What is [*]?)
...
(Ken: It's just [*] without the "S", Becky. I'm sorry.)

Ozark

MackBecky
    $200 19
Lewis & Clark

Rachel
    $200 22
(Becky: What is skidding?)
(Ken: Can you be more specific?)
(Becky: What is skidding? What is skid?)

hydroplaning

RachelBecky
    $200 28
touch base

Triple Stumper
    $300 10
Cuba

Mack
    $300 12
Pete Townshend

Mack
    $300 3
Killing Eve

Triple Stumper
    $300 16
cherry trees

Rachel
    $300 23
a double rainbow

Mack
    $300 29
(Becky: What is circle around?)

circle back

RachelBecky
    $400 11
India

Rachel
    $400 14
Pete Buttigieg

Rachel
    $300 4
(Ken: You didn't sound sure, Mack.)
(Mack: I've never seen it.)
(Ken: Well, don't admit that now. At least you know the premise.)

Peaky Blinders

Mack
    $400 17
(Mack: What is a hot air balloon?)
...
(Ken: You're not an ADVENTUROUS WOMAN, Rachel?)
(Rachel: I'm not.)
(Ken: Well, Eliza was. She went around the world on a [*]. That's an early spin class, I guess.)

bicycle

Mack
Triple Stumper
    $400 24
smell

Rachel
    $400 26
ping me

Mack
    $500 13
Mali

Mack
    $500 15
Pete Holmes

Rachel
    $500 5
(Ken: The title did not come to Rachel in time. [*]. Had to go back to the '90s.)

Northern Exposure

Triple Stumper
    $500 18
Hemingway

Rachel
    $500 25
evaporate

Triple Stumper
    $500 30
out of pocket

Triple Stumper

Scores at the first commercial break (after clue 15):

Mack Rachel Becky
$2,100 $1,500 -$200

Scores at the end of the Jeopardy! Round:

Mack Rachel Becky
$2,700 $3,400 -$700

Double Jeopardy! Round responses

COMPETITIVE CHEERLEADING
SCIENCE MUSEUMS
SIX DEGREES OF ACTUAL BACON
SAD SONGS
MOTHER GOOSE POLICE BLOTTER
(Ken: You'll give us the nursery rhyme in question.)
"N-I-A-L" AIN'T A RIVER IN EGYPT
(Ken: The letters "N-I-A-L" will appear in each correct response.)
    $200 26
pom-poms

Rachel
    $200 17
C-3PO

Mack
    $200 11
a BLT

Rachel
    $200 1
"Nothing Compares 2 U"

Rachel
    $200 12
"Little Miss Muffet"

Mack
    $200 6
bicentennial

Rachel
    $400 27
Kentucky

Rachel
    $400 22
Houston

Mack
    $400 13
Cobb salad

Triple Stumper
    $1,000 2
"Everybody Hurts"

Rachel
    $400 18
"Jack and Jill"

Mack
    $400 7
millennial

Mack
    $600 28
Bring It On

Mack
    $600 23
Jane Goodall

Rachel
    $600 14
(Quiche) Lorraine

Rachel
    $600 3
(Ken: It was their song originally. It was [*]. B-B-[*].)

Boyz II Men

Triple Stumper
    $600 19
"Little Bo Peep"

Mack
    $600 8
(Mack: What is inaugural?)

ceremonial

Mack
Triple Stumper
    $800 29
(Rachel: What is a basket?)
[Originally ruled incorrect; reversed before start of Triple Jeopardy! Round]
(Mack: What is a basket catch?)
(Becky: What is a basket throw?)
(Ken: [*] is apparently the cheerleading term.)
(Mack: We knew it was a basket.)
(Ken: No harm, no foul there. Everybody took a swing.)

a basket toss

Rachel
    $2,000 24
(Rachel: Uh-oh. I don't know this. Um, Tom's ba-- um, um, uh, fossil. I don't know. Uh, what is a diamond?)
(Ken: No, I'm sorry. It's from the Colorado [*] Rush. It's an 8-pound nugget of [*].)

gold

Rachel
    $800 15
(Ken: It's not your Wendy's order, I guess. Becky, you have a--you have a guess?)
(Becky: What is [*]?)
(Ken: That is correct. It is [*]. You didn't have the courage of your fast food convictions.)
(Becky: No, no, I didn't.)
(Ken: Well, I mean, maybe a WWE superstar should not be going to Wendy's that much.)
(Becky: Yeah, more than usually.)
(Mack: You'd be surprised when you're on the road.)
(Ken: When you're on the road.)
(Becky: You know, late nights.)

the Baconator

Triple Stumper
    $800 4
Chris Isaak

Triple Stumper
    $800 20
(Rachel: That sounds bad.)
(Mack: Yeah.)
(Ken: Who is that sicko? That pervert is [*].)
(Rachel: That sounds just as bad.)
(Mack: Sounds about the right name.)
(Ken: Maybe the name explains some of his hang-ups, yeah.)
(Rachel: Kind of knew when you heard that name.)

"Wee Willie Winkie"

Triple Stumper
    $800 9
Colonial Williamsburg

Mack
    $1000 30
All-Star

Mack
    $1000 25
(Becky: What is a crowbar?)
(Ken: No, I'm sorry. Gotta swing.)
...
(Ken: That's the power of a [*]. They do it with a big [*].)
(Becky: Oh, I was gonna say that, but then it didn't sound like a bar.)
[Laughter]
(Ken: I guess there's kind of a bar on a [*].)

a lever

Becky
Triple Stumper
    $1000 16
Rooty Tooty Fresh 'N Fruity

Rachel
    $1000 5
"America"

Mack
    $1000 21
(Ken: Yes, and that's even worse, I think. [*] is canceled, in my opinion.)

"Peter, Peter, Pumpkin Eater"

Rachel
    $1000 10
Miss Congeniality

Mack

Scores at the Double Jeopardy! Round commercial break (after clue 15):

Mack Rachel Becky
$5,500 $5,600 -$700

Scores at the end of the Double Jeopardy! Round:

Mack Rachel Becky
$8,700 $7,600 -$1,700

Triple Jeopardy! Round

U.S. "WORLD CAPITALS"
VETERINARY MEDICINE
THE WARDROBE DEPARTMENT
MUSICAL INSTRUMENT MAKERS
THAT'S HALF THE BATTLE
(Ken: In this category, you'll need to name a historic battle that we are going to show you every other letter of, if that makes sense.)
ROGET'S BUTT
    $300 2
Austin

Mack
    $300 24
a horse

Mack
    $300 1
The Matrix

Mack
    $300 30
cymbals

Rachel
    $300 6
Gettysburg

Mack
    $300 12
caboose

Mack
    $600 3
a submarine

Mack
    $600 25
a stomach

Mack
    $600 14
(Ken: You're on a roll.)
(Becky: It's on now. [Laughs])

Clueless

Becky
    $600 18
accordions

Rachel
    $600 8
Bunker Hill

Rachel
    $600 13
[Applause for Becky's first correct response]
(Becky: I'm back, baby!)

ass

Becky
    $1,500 4
Akron

Mack
    $900 26
lactose intolerance

Rachel
    $900 21
Sofia Coppola

Rachel
    $900 19
(Henry) Steinway

Rachel
    $900 9
Marathon

Rachel
    $900 15
booty

Rachel
    $1200 5
(Ken: Do you enjoy bratwurst and freshwater surfing?)
(Rachel: Not really, either of them.)
(Ken: You didn't seem too sure there.)

Wisconsin

Rachel
    $1200 27
Anthrax

Rachel
    $2,000 22
Cruella de Vil

Rachel
    $1200 20
Yamaha

Mack
    $1200 10
Midway

Mack
    $2,000 16
(Ken: This is a good thing, Rachel, I promise. You look like you just got off a roller coaster.)
(Rachel: I should know all the butt synonyms, so...)
(Ken: You are down by $2,000 to Mack. What do you want to do here?)
(Rachel: I'm going to go with $2,000.)
(Ken: Okay, it will be a tie if you know what's up in ROGET'S BUTT.)
[Laughter]

derrière

Rachel
    $1500 7
(Mack: What is Seattle?)

Forks

Mack
Triple Stumper
    $1500 28
kennel cough

Rachel
    $1500 23
Casino

Mack
    $1500 29
a sitar

Rachel
    $1500 11
Hastings

Mack
    $1500 17
(Ken: That song, "Honky Tonk [*]". Haven't heard that in awhile.)

badonkadonk

Triple Stumper

Scores at the end of the Triple Jeopardy! Round:

Mack Rachel Becky
$16,800 $23,000 -$500

[wagering suggestions for these scores]

Final Jeopardy! Round responses

ARTISTS
[Becky was given $500 to play with in Final Jeopardy!]
...
(Ken: We'll begin with WWE superstar Becky Lynch. The signaling device just not your friend today.)
(Becky: Oh, my reflexes. Shocking.)
[Laughter]
(Ken: And this is a game where you can't work the referee, I'm sorry.)
(Becky: I know.)
(Ken: I'm sure it's not reflexes, it's a tricky, tricky device.)
...
(Ken: He apparently had some very strong mustache wax. And if I can play Maury Povich for a moment, it turned out he was not the father. The paternity suit resolved in his favor.)
...
(Rachel: I think I messed up my...)
(Ken: No, I think we can read that.)
(Rachel: But I think I messed up my math.)
...
(Ken: Rachel, Debbie Downer has been a response on Jeopardy! multiple times, but this is not a downer. You are a Jeopardy! champ. And you're a semifinalist!)
BeckyWho is Salvador Dali
$500
MackWho Dali (Hi Brenda)
$16,800
RachelWho is Salvador Dali?
$10,601
Salvador Dalí

Final scores:

Mack Rachel Becky
$33,600 $33,601 $1,000
2nd place: $30,000 to the San Diego Zoo Wildlife Alliance Winner: semifinalist 3rd place: $30,000 to the V Foundation, supporting Connor's Cure

Game dynamics:

Coryat scores:

Mack Rachel Becky
$16,300 $22,800 -$500
37 R
(including 2 DDs),
3 W
35 R
(including 3 DDs),
1 W
(including 1 DD)
2 R,
4 W

Combined Coryat: $38,600

[game clues] [game scores] [suggest correction]

Game tape date: 2023-10-11
The J! Archive is created by fans, for fans. Scraping, republication, monetization, and malicious use prohibited; this site may use cookies and collect identifying information. See terms. The Jeopardy! game show and all elements thereof, including but not limited to copyright and trademark thereto, are the property of Jeopardy Productions, Inc. and are protected under law. This website is not affiliated with, sponsored by, or operated by Jeopardy Productions, Inc. Join the discussion at JBoard.tv.